Statistiques concernant Paroles - Au DD - PNL

Cliquez ici pour prendre le quiz!

Statistiques générales

  • Ce quiz a été pris 971 fois
  • Le résultat moyen est 223 sur 434

Statistiques - réponses

Réponse% Correct
de
92%
le
92%
à
91%
Les
90%
les
90%
couilles
87%
la
86%
La
86%
je
85%
Je
85%
mon
85%
Mon
85%
plus
84%
au
83%
Au
83%
DD
83%
Bats
82%
Me
82%
82%
coeur
81%
Pas
81%
pas
81%
Que
81%
que
81%
fait
80%
J'vis
78%
j'vise
76%
Si
76%
si
76%
cri
75%
ni
75%
Ni
75%
sur
75%
Sur
75%
ta
75%
Toi
75%
toi
75%
ton
75%
Ce
74%
Crime
74%
l'sommet
73%
passionnel
73%
vous
73%
ces
72%
sang
72%
Sang
72%
fils
71%
mal
71%
ma
70%
m'a
70%
J'fais
69%
j'fais
69%
J'la
68%
j'la
68%
d'l'Himalaya
66%
laisse
66%
Lune
66%
tache
66%
connaître
65%
j'commets
65%
J'me
65%
pull
65%
j'vous
64%
mélangé
64%
nullement
64%
putes
64%
se
64%
dans
63%
Dans
63%
d'boulette
63%
j'ai
63%
J'désire
63%
moi
63%
d'ici
62%
J'suis
62%
j'suis
62%
tire
62%
baise
61%
bougnoule
61%
ça
61%
comme
60%
j'm'écoute
59%
peu
59%
corse
58%
un
58%
sous
57%
d'chez
56%
continent
55%
elle
55%
Elle
55%
ne
55%
trou
55%
d'Hadès
54%
PV
54%
des
53%
en
53%
Mes
53%
mes
53%
veut
52%
j'aime
51%
détail
50%
tombe
50%
tu
50%
bise
49%
chez
49%
Igo
49%
igo
49%
on
49%
Puis
49%
puis
49%
qui
48%
bébé
47%
m'endors
47%
rêve
47%
terre
47%
trop
47%
passe
46%
t'encule
46%
voiture
46%
exotique
45%
j'retire
45%
monde
45%
ressemble
45%
garée
44%
mais
44%
cauchemar
43%
dernier
43%
dit
43%
doré
43%
érotique
43%
famille
43%
j'connais
43%
J'connais
43%
l'adresse
43%
gramme
42%
rue
42%
Sale
42%
du
41%
parles
41%
pourquoi
41%
j'caresse
40%
j'parle
40%
calculer
39%
devant
39%
n'a
39%
pé-cou
39%
route
39%
baba
38%
jusqu'au
38%
longtemps
38%
nous
38%
ouhlalala
38%
pédales
38%
visser
38%
Paname
37%
pendant
37%
perdu
37%
Et
36%
jamais
36%
fais
35%
J'sors
35%
personne
35%
pétales
35%
âme
34%
peur
34%
nan
33%
regrets
33%
Wallah
33%
aux
32%
avec
32%
cafards
32%
donné
32%
gnôle
32%
riches
32%
sans
32%
Sans
32%
bisou
31%
cave
31%
tue
31%
j'reprend
30%
mektoub
30%
ouais
30%
parce que
30%
suis
30%
Toujours
30%
frère
29%
pectoraux
29%
gainés
28%
niqué
28%
game
27%
Gucci
27%
messagerie
27%
Mitch
27%
seum
27%
singeries
27%
C'est
26%
quartiers
26%
sens
26%
beaux
25%
d'honneur
25%
Forte
25%
j'aurais
25%
courtes
24%
gueule
24%
jungle
24%
mèches
24%
poto
24%
puta
24%
va
24%
peut-être
23%
Peut-être
23%
promène
23%
toute
23%
album
22%
allure
22%
dis-moi
22%
haine
22%
j'y
22%
soeur
22%
avant
21%
dernière
21%
dévale
21%
j'écoule
21%
l'bénéf
21%
n'écoute
21%
peiné
21%
qu'on
21%
tomberont
21%
Viens
21%
y'a
21%
d'la
20%
Eh
20%
H24
20%
inquiète
20%
animal
19%
d'amour
19%
neuch
19%
perde
19%
sourire
19%
arriver
18%
neuf-un
18%
signe
18%
six
18%
doit
17%
s'casse
17%
tour
17%
billet
16%
démarre
16%
rien
16%
sors
16%
té-ma
16%
vider
16%
affaires
15%
d'étranger
15%
humain
15%
ienclis
15%
planque
15%
t'es
15%
effacé
14%
nuage
14%
changé
13%
J'recherche
13%
l'Enfer
13%
plans
13%
T'as
12%
igos
11%
reconnu
11%
baisé par
10%
canon
10%
entre
10%
habités
9%
ppe-f
9%
tours
9%
casser
8%
minuit
8%
j'largue
7%
après
6%
Deuxièmes
6%
ny-Ma
5%
l'bat
4%
Moins
4%
prix
4%
rêves
4%
d'humains
3%
ne-grai
3%
push
3%
taille-dé
3%
unga
3%
BAC-ceux
1%
Igor
1%

Distribution des résultats

Percentile par nombre de réponses

% des personnes avec chaque résultat

Votre développement - résultats

Vous n’avez pas pris ce quiz